• 首页
  • 本馆介绍
  • 公告通知
  • 最新文献
  • 馆藏检索
  • 电子资源
  • 读者导购
  • 参考咨询
  • 我的图书馆
  • 登录
  • 详细信息显示
  • 放入我的书架
  • 预约/预借图书
  • 作者相关作品
  • 分类相关作品
  • 丛书相关作品
  • 出版社相关作品

书目信息

  • 表格格式
  • 工作单格式
  • 卡片格式
题名:
汉语教学语法研究
    
 
作者: 王红旗 著
分册:  
出版信息: 北京   语文出版社  1996.8
页数: 581页
开本: 21cm
丛书名:
单 册:
中图分类: H193.5
科图分类:
主题词: 汉语--语言教学
电子资源:
ISBN: 7-80126-086-4
000 00504nam0 2200193 45
001 0004101088
005 20040425081204.2
010    @a7-80126-086-4@dCNY20.00
100    @a20000410d1996 km y0chiy0120 ea
101    @achi
105    @a z 000yy
200 1  @a汉语教学语法研究@f王红旗,高更生等著
210    @a北京@c语文出版社@d1996.8
215    @a581页@d21cm
606 0  @a汉语@x语言教学
690    @aH193.5@v1
701    @a王红旗@4著
801    @aCN@bTSTC@c20000410
905    @dH193.5@e148@f2@b275544-545
    
    汉语教学语法研究/王红旗,高更生等著.-北京:语文出版社,1996.8
    581页;21cm
    
    
    ISBN 7-80126-086-4:CNY20.00
    
●
相关链接 在E读中查询图书 在五车中查询图书 在当当中查询图书 在豆瓣中查询图书


正题名:汉语教学语法研究     索取号:H193.5/148         预约/预借

序号 登录号 条形码 馆藏地/架位号 状态 备注
1 0275544   000842609   第四借阅区/ [索取号:H193.5/148] 已借出,限还日期为2025.09.16
借出人:韩书庚  
 
2 0275545   000842495   第四借阅区/ [索取号:H193.5/148] 在馆    
3 0275546   000842645   第二样本阅览室/ [索取号:H193.5/148] 在馆    
唐山师范学院图书馆 欢迎您!
大连网信软件有限公司© 版权所有